Yellowface / (Record no. 181285)

000 -LEADER
fixed length control field 00377nam a22001577a 4500
020 ## - INTERNATIONAL STANDARD BOOK NUMBER
ISBN 9780008532819
082 ## - DEWEY DECIMAL CLASSIFICATION NUMBER
Classification number 823
Item number REB/Y
100 ## - MAIN ENTRY--AUTHOR NAME
Personal name Rebecca F. Kuang
245 ## - TITLE STATEMENT
Title Yellowface /
Statement of responsibility, etc by Rebecca F. Kuang
260 ## - PUBLICATION, DISTRIBUTION, ETC. (IMPRINT)
Place of publication London:
Name of publisher HarperCollins,
Year of publication 2023.
300 ## - PHYSICAL DESCRIPTION
Number of Pages 323p.
650 ## - SUBJECT ADDED ENTRY--TOPICAL TERM
Topical Term Novel English
650 ## - SUBJECT ADDED ENTRY--TOPICAL TERM
Topical Term Literature English
650 ## - SUBJECT ADDED ENTRY--TOPICAL TERM
Topical Term Literature
942 ## - ADDED ENTRY ELEMENTS (KOHA)
Koha item type Book
Holdings
Withdrawn status Lost status Damaged status Not for loan Permanent Location Current Location Shelving location Date acquired Full call number Accession Number Price effective from Koha item type
        Sree Sankaracharya University of Sanskrit Sree Sankaracharya University of Sanskrit Stacks 24.04.2026 823 REB/Y 107922 24.04.2026 Book